Pensamiento crítico : técnicas para su desarrollo

Salvato in:
Dettagli Bibliografici
Autore principale: Campos Arenas, Agustín
Natura: Libro
Lingua:Spanish
Pubblicazione: Bogotá : Cooperativa Editorial Magisterio, 2007.
Serie:Colección aula abierta
Soggetti:
Accesso online:Enlace del recurso
Tags: Aggiungi Tag
Nessun Tag, puoi essere il primo ad aggiungerne! !

MARC

LEADER 00000nam a2200000 a 4500
003 OSt
005 20160905184555.0
008 070511s2007 ck a gr 00010dspa d
015 |a ck-2007-xxxx 
020 |a 9789582009151 
040 |b spa   |c CO-BoIIE 
041 0 |a spa 
082 0 4 |a 153.42   |b C15p 
100 1 |a Campos Arenas, Agustín.  |9 1885 
245 1 0 |a Pensamiento crítico :   |b técnicas para su desarrollo   |c Agustín Campos Arenas. 
260 3 |a Bogotá :   |b Cooperativa Editorial Magisterio,   |c 2007. 
300 |a 124 p. :   |b il. ; 
440 0 |a Colección aula abierta  |9 1663 
650 1 4 |a Pensamiento.  |9 1905 
650 1 4 |a Pensamiento crítico.  |9 1906 
650 1 4 |a Razonamiento (Psicología)  |9 1907 
942 |2 ddc  |c BK 
949 |a c   |b n 
999 |c 5097  |d 5097 
856 |u https://catalogo.idep.edu.co/cgi-bin/koha/opac-detail.pl?biblionumber=5097  |z Enlace del recurso